[Event "Belgrade Trophy 35th"]
[Site "Belgrade"]
[Date "2021.11.25"]
[Round "2"]
[White "Vranes, Nikola"]
[Black "Palamarevic, Mina"]
[Result "1/2-1/2"]
[WhiteElo "1978"]
[BlackElo "1556"]
[PlyCount "87"]
[EventDate "2021.11.24"]
[EventType "swiss"]
[EventRounds "9"]
[EventCountry "SRB"]
[SourceTitle "CBM 205 Extra"]
[Source "ChessBase"]
[SourceDate "2022.01.31"]
[SourceVersion "1"]
[SourceVersionDate "2022.01.31"]
[SourceQuality "1"]

1. e4 c6 2. d4 d5 3. Nc3 dxe4 4. Nxe4 Bf5 5. Ng3 Bg6 6. Nf3 Nd7 7. h4 h6 8. Bd3 Bxd3 9. Qxd3 Ngf6 10. Be3 e6 11. 0-0-0 Bd6 12. Ne4 Nxe4 13. Qxe4 Nf6 14. Qd3 Qa5 15. Kb1 0-0-0 16. Qb3 Kb8 17. Nd2 Qc7 18. c4 Bf4 19. f3 Bxe3 20. Qxe3 Qg3 21. Qe5+ Qxe5 22. dxe5 Nd7 23. Rhe1 Nc5 24. Kc2 Rd4 25. g3 Rhd8 26. b3 Nd3 27. Re2 Nb4+ 28. Kb2 c5 29. a3 Nc6 30. Kc3 Na5 31. Re3 Nxb3 32. Kxb3 Rxd2 33. Rxd2 Rxd2 34. Kc3 Rd4 35. Re1 Kc7 36. Rb1 a6 37. a4 f6 38. Re1 f5 39. Rb1 b6 40. Ra1 Kc6 41. Rb1 Rd7 42. Ra1 Rb7 43. Rd1 Rd7 44. Ra1 1/2-1/2

[Event "EU-ch Hybrid U16 Girls"]
[Site "Tornelo INT"]
[Date "2021.10.15"]
[Round "4"]
[White "Palamarevic, Mina"]
[Black "Ratama, Sofie Kristine"]
[Result "1/2-1/2"]
[WhiteElo "1525"]
[BlackElo "1574"]
[PlyCount "72"]
[EventDate "2021.10.15"]
[EventType "swiss"]
[EventRounds "9"]
[EventCountry "NET"]
[SourceTitle "EXT 2023"]
[Source "ChessBase"]
[SourceDate "2022.10.05"]
[SourceVersion "1"]
[SourceVersionDate "2022.10.05"]
[SourceQuality "1"]
[WhiteTeam "Serbia"]
[BlackTeam "Norway"]
[WhiteTeamCountry "SRB"]
[BlackTeamCountry "NOR"]

1. e4 c6 2. d4 d5 3. exd5 cxd5 4. Bd3 Nf6 5. c3 Nc6 6. Bf4 Bg4 7. Ne2 Bh5 8. Qb3 Qb6 9. Qxb6 axb6 10. Nd2 e6 11. Bg3 Bg6 12. Bxg6 hxg6 13. 0-0 b5 14. a3 Be7 15. Nb3 b6 16. Nec1 Kd7 17. Nd3 Bd6 18. Ne5+ Bxe5 19. Bxe5 Nxe5 20. dxe5 Ng4 21. h3 Nxe5 22. Nd4 Nc4 23. Nxb5 Nxb2 24. Rfb1 Nc4 25. a4 Ra5 26. Rb4 Rha8 27. Kf1 Nd6 28. Nxd6 Kxd6 29. Rxb6+ Kc5 30. Rb7 R8a7 31. Rxa7 Rxa7 32. Ke2 Kc4 33. Kd2 Ra5 34. Ra3 d4 35. cxd4 Kb4 36. Rf3 Rf5 1/2-1/2

[Event "SRB-ch U14 Girls"]
[Site "Novi Sad"]
[Date "2018.04.03"]
[Round "3"]
[White "Palamarevic, Mina"]
[Black "Stankovic, Marija1111"]
[Result "0-1"]
[WhiteElo "1222"]
[BlackElo "1720"]
[PlyCount "108"]
[EventDate "2018.04.02"]
[EventType "swiss"]
[EventRounds "9"]
[EventCountry "SRB"]
[SourceTitle "EXT 2019"]
[Source "ChessBase"]
[SourceDate "2018.10.10"]
[SourceVersion "1"]
[SourceVersionDate "2018.10.10"]
[SourceQuality "1"]

1. e4 c6 2. d4 d5 3. exd5 cxd5 4. Bd3 Nf6 5. Bf4 Bg4 6. Nf3 e6 7. c3 Be7 8. 0-0 0-0 9. Nbd2 Nc6 10. Qb3 Qc8 11. Bb5 a6 12. Bxc6 bxc6 13. Qa4 c5 14. dxc5 Bxc5 15. Ne5 Bf5 16. Bg5 Ra7 17. Nb3 Ne4 18. Nc6 Rc7 19. Nxc5 Nxc5 20. Ne7+ Rxe7 21. Qd4 Rb7 22. Rfe1 Nd7 23. b3 h6 24. Bd2 Nf6 25. Re3 Ne4 26. Be1 Qc5 27. Qa4 Qb5 28. Qd4 Rc8 29. f3 Nf6 30. Bh4 Nd7 31. f4 Qb6 32. Qd2 Nc5 33. Kh1 Ne4 34. Qe1 Rxc3 35. Rxc3 Nxc3 36. Qxc3 Rc7 37. Qg3 Qd4 38. Rf1 Rc2 39. a4 Rc3 40. Qe1 Rxb3 41. Qa5 Qd3 42. Rc1 Rb1 43. Rxb1 Qxb1+ 44. Qe1 Qa2 45. a5 Be4 46. Bf2 Qc4 47. Bh4 Qa2 48. Bf2 Qc4 49. Bh4 Qc2 50. Bf2 d4 51. Kg1 Bd5 52. Qf1 d3 53. Be3 d2 54. Bxd2 Qxd2 0-1